| 000 | 00334nam a22001337a 4500 | ||
|---|---|---|---|
| 008 | 181019b xxu||||| |||| 00| 0 eng d | ||
| 020 | _a1878978551 | ||
| 041 | _aeng | ||
| 080 | _a159.9 | ||
| 100 | _a48 | ||
| 101 | _aPSI | ||
| 245 |
_aUniversal Healthcare: Readings for Mental Health Professionals _cCummings,N.A |
||
| 942 |
_2udc _cBK |
||
| 999 |
_c50203 _d50203 |
||